Countries Closest to European Union - Statistics

General Stats
  • This quiz has been taken 190 times
    142 since last reset
  • The average score is 25 of 29
Answer Stats
km Country miles % Correct
0 Russia 0
98%
0 Turkey 0
96%
0 Serbia 0
95%
0 Norway 0
94%
0 Andorra 0
93%
0 Ukraine 0
93%
120 Algeria 74
92%
0 Belarus 0
92%
0 San Marino 0
92%
0 Switzerland 0
92%
0 Morocco 0
91%
0 Albania 0
90%
0 Bosnia and Herzegovina 0
89%
270 Libya 167
89%
0 Monaco 0
89%
360 Egypt 223
88%
210 Israel 130
88%
158 Lebanon 98
88%
0 Liechtenstein 0
88%
0 Montenegro 0
88%
80 Tunisia 49
88%
0 Moldova 0
87%
128 Syria 79
87%
0 Macedonia 0
85%
53 Kosovo 32
83%
323 Jordan 200
78%
0 Vatican City 0
69%
443 Saudi Arabia 275
63%
368 Mauritania 228
42%
No matching quizzes found
Score Distribution
Percent of People with Each Score
Percentile by Number Answered
Your Score History
You have not taken this quiz since the last reset